Online
Catalog
Normal view MARC view

Entry Nombre corporativo

Number of records used in: 1

001 - NÚMERO DE CONTROL

  • campo de control: 3120

003 - IDENTIFICADOR DEL NÚMERO DE CONTROL

  • campo de control: OSt

005 - FECHA Y HORA DE LA ÚLTIMA TRANSACCIÓN

  • campo de control: 20200615032028.0

008 - DATOS DE LONGITUD FIJA

  • campo de control de longitud fija: 200615|| aca||aabn | a|a d

040 ## - FUENTE DE LA CATALOGACIÓN

  • Centro catalogador/agencia de origen: OSt
  • Centro/agencia transcriptor: OSt

110 ## - ENCABEZAMIENTO-NOMBRE DE ENTIDAD CORPORATIVA

  • Nombre de entidad corporativa o nombre de jurisdicción como elemento de entrada: Asociación Latinoamericana de Instituciones Financieras de Desarrollo.
  • Unidad subordinada: Asamblea General.
  • Unidad subordinada: Reunión Ordinaria
  • Número del congreso/reunión o número de parte o sección: (22nd :
  • Fecha del congreso/reunión o de la firma de un tratado: 1992 :
  • Sede del congreso/Lugar de la reunión: Madrid, Spain)

670 ## - FUENTE DE DATOS ENCONTRADOS

  • Cita de la fuente: Work cat.: (OSt)876: Asociación Latinoamericana de Instituciones Financieras de Desarrollo. Asamblea General. Reunión Ordinaria (22nd : 1992 : Madrid, Spain), La financiación del desarrollo latinoamericano y las transformaciones de la economía mundial :, [1992?].

Powered by Koha